Discographie de La Fouine - Statistiques

Statistiques générales
  • Ce quiz a été pris 13 fois
  • Le résultat moyen est 7 sur 19
Statistiques - réponses
Hint Réponse % Correct
Capitale du crime radio 2024
63%
État des lieux 2025
63%
Mes repères 2009
50%
Team BS 2014
50%
XII 2021
50%
Bourré au son 2005
38%
Planète Trappes vol.2 2006
38%
Aller retour 2007
38%
Capitale du crime 2 2010
38%
Bénédictions 2020
38%
Planète Trappes vol.1 2004
25%
Capitale du crime 2008
25%
La fouine vs Laouni 2011
25%
Capitale du crime 3 2011
25%
Drôle de parcours 2013
25%
Capitale du crime 4 2014
25%
Nouveau monde 2016
25%
Capitale du crime censuré 2017
13%
Sombre 2018
13%
Aucun quiz correspondant
Distribution des résultats
% des personnes avec chaque résultat
Percentile par nombre de réponses
Votre historique - résultats
Vous n’avez pas pris ce quiz